[Event "DEM U14 2014"]
[Site "Magdeburg GER"]
[Date "2014.06.14"]
[Round "9"]
[White "Buckels, Valentin"]
[Black "Ovsepyan, Arshak"]
[Result "1-0"]
[Termination "normal"]
[Board "7"]
[WhiteElo "2102"]
[BlackElo "2013"]
[WhiteClock "00:14:10"]
[BlackClock "00:01:03"]
[PlyCount "67"]
[WhiteFideId "12942766"]
[BlackFideId "24690236"]
[EventCountry "GER"]
[EventRounds "9"]
[EventType "swiss"]
[EventDate "2014.06.07"]

1. d4 {[%clk 1:30:58]} d5 {[%clk 1:30:51]} 2. c4 {[%clk 1:31:18]} e6 {[%clk
1:31:11]} 3. Nc3 {[%clk 1:31:29]} Nf6 {[%clk 1:31:30]} 4. cxd5 {[%clk 1:31:52]}
exd5 {[%clk 1:31:32]} 5. Bg5 {[%clk 1:32:07]} Be7 {[%clk 1:31:08]} 6. Qc2
{[%clk 1:32:09]} O-O {[%clk 1:30:16]} 7. e3 {[%clk 1:32:21]} c6 {[%clk
1:25:09]} 8. Bd3 {[%clk 1:32:33]} h6 {[%clk 1:25:32]} 9. Bf4 {[%clk 1:28:06]}
Nbd7 {[%clk 1:22:08]} 10. Nge2 {[%clk 1:28:04]} Re8 {[%clk 1:22:10]} 11. O-O
{[%clk 1:28:01]} Nf8 {[%clk 1:22:27]} 12. f3 {[%clk 1:18:31]} Ne6 {[%clk
1:18:57]} 13. Bg3 {[%clk 1:17:29]} c5 {[%clk 1:16:32]} 14. Bf5 {[%clk 0:59:14]}
a6 {[%clk 0:59:11]} 15. Rad1 {[%clk 0:54:36]} Qb6 {[%clk 0:56:03]} 16. Bxe6
{[%clk 0:47:42]} Qxe6 {[%clk 0:50:35]} 17. Bf2 {[%clk 0:47:58]} c4 {[%clk
0:36:33]} 18. e4 {[%clk 0:46:20]} Qc6 {[%clk 0:35:12]} 19. e5 {[%clk 0:34:36]}
Nd7 {[%clk 0:32:33]} 20. f4 {[%clk 0:34:54]} b5 {[%clk 0:32:19]} 21. Ng3 {[%clk
0:33:56]} Nf8 {[%clk 0:31:33]} 22. f5 {[%clk 0:31:38]} Bg5 {[%clk 0:25:54]} 23.
Be1 {[%clk 0:22:41]} Bd7 {[%clk 0:21:42]} 24. Nce2 {[%clk 0:19:37]} a5 {[%clk
0:19:09]} 25. Bd2 {[%clk 0:19:34]} Bxd2 {[%clk 0:18:07]} 26. Qxd2 {[%clk
0:19:48]} b4 {[%clk 0:17:27]} 27. f6 {[%clk 0:19:10]} Nh7 {[%clk 0:09:30]} 28.
fxg7 {[%clk 0:18:53]} Bg4 {[%clk 0:09:18]} 29. h3 {[%clk 0:13:32]} Bxe2 {[%clk
0:08:51]} 30. Qxe2 {[%clk 0:14:01]} c3 {[%clk 0:07:46]} 31. bxc3 {[%clk
0:13:47]} bxc3 {[%clk 0:08:09]} 32. Nf5 {[%clk 0:13:54]} Rab8 {[%clk 0:00:56]}
33. Qh5 {[%clk 0:14:05]} Qg6 {[%clk 0:01:03]} 34. Nxh6+ {[%clk 0:14:10]} 1-0

[Event "DEM U14 2014"]
[Site "Magdeburg GER"]
[Date "2014.06.14"]
[Round "9"]
[White "Martin, Julian"]
[Black "Poghosyan, Tigran"]
[Result "1/2-1/2"]
[Termination "normal"]
[Board "8"]
[WhiteElo "1952"]
[BlackElo "2026"]
[WhiteClock "00:51:37"]
[BlackClock "00:05:43"]
[PlyCount "60"]
[WhiteFideId "12941000"]
[BlackFideId "12909319"]
[EventCountry "GER"]
[EventRounds "9"]
[EventType "swiss"]
[EventDate "2014.06.07"]

1. e4 {[%clk 1:30:58]} e5 {[%clk 1:30:45]} 2. Nf3 {[%clk 1:30:54]} Nc6 {[%clk
1:31:13]} 3. Bb5 {[%clk 1:30:50]} Nge7 {[%clk 1:31:36]} 4. O-O {[%clk 1:31:00]}
a6 {[%clk 1:31:54]} 5. Ba4 {[%clk 1:31:21]} g6 {[%clk 1:32:18]} 6. c3 {[%clk
1:31:29]} Bg7 {[%clk 1:32:37]} 7. d4 {[%clk 1:31:50]} exd4 {[%clk 1:32:50]} 8.
cxd4 {[%clk 1:32:19]} b5 {[%clk 1:33:19]} 9. Bc2 {[%clk 1:32:29]} d5 {[%clk
1:33:18]} 10. e5 {[%clk 1:28:46]} Bg4 {[%clk 1:27:10]} 11. Be3 {[%clk 1:28:14]}
Nf5 {[%clk 1:22:48]} 12. Qc1 {[%clk 1:26:36]} Bxf3 {[%clk 1:16:49]} 13. Bxf5
{[%clk 1:26:58]} Ne7 {[%clk 1:13:59]} 14. Bd3 {[%clk 1:26:31]} Bg4 {[%clk
1:12:47]} 15. Nd2 {[%clk 1:26:02]} O-O {[%clk 1:11:46]} 16. Nb3 {[%clk
1:25:23]} Bf5 {[%clk 1:11:57]} 17. Bxf5 {[%clk 1:24:13]} Nxf5 {[%clk 1:12:01]}
18. Bf4 {[%clk 1:22:46]} Re8 {[%clk 0:49:04]} 19. Qc3 {[%clk 1:19:07]} Rc8
{[%clk 0:39:15]} 20. Bd2 {[%clk 1:11:00]} Qh4 {[%clk 0:32:28]} 21. f4 {[%clk
1:10:08]} Bf8 {[%clk 0:17:44]} 22. Qc6 {[%clk 1:09:17]} Re6 {[%clk 0:15:54]}
23. Qxd5 {[%clk 1:07:47]} Rd8 {[%clk 0:14:01]} 24. Qe4 {[%clk 1:06:27]} Re7
{[%clk 0:10:44]} 25. Bb4 {[%clk 1:01:37]} Red7 {[%clk 0:09:39]} 26. Bxf8 {[%clk
1:01:40]} Kxf8 {[%clk 0:10:08]} 27. Rad1 {[%clk 1:01:37]} Rd5 {[%clk 0:09:44]}
28. Qf3 {[%clk 0:58:55]} Kg7 {[%clk 0:06:49]} 29. g3 {[%clk 0:54:27]} Qe7
{[%clk 0:05:43]} 30. Qe4 {[%clk 0:51:37]} Qd7 1/2-1/2

[Event "DEM U14 2014"]
[Site "Magdeburg GER"]
[Date "2014.06.14"]
[Round "9"]
[White "Herbrig, Alexander"]
[Black "Nothnagel, Marian Can"]
[Result "0-1"]
[Termination "normal"]
[Board "10"]
[WhiteElo "1886"]
[BlackElo "1790"]
[PlyCount "90"]
[WhiteFideId "12952044"]
[BlackFideId "12921530"]
[EventCountry "GER"]
[EventRounds "9"]
[EventType "swiss"]
[EventDate "2014.06.07"]

1. e4 c5 2. Nf3 d6 3. d4 cxd4 4. Nxd4 Nf6 5. Nc3 a6 6. Be3 e5 7. Nb3 Be6 8. f3
Be7 9. Qd2 O-O 10. O-O-O a5 11. Bb5 Na6 12. Qf2 Nc7 13. Bb6 Qb8 14. a4 Rc8 15.
Nxa5 Nxb5 16. Nxb5 Ra6 17. Rd3 Nd7 18. Ba7 Qa8 19. Nb3 Rxa4 20. Kd2 Bc4 21.
Nxd6 Bxd6 22. Rxd6 Bxb3 23. cxb3 Rxa7 24. Rxd7 Ra2 25. Rb1 Qa5+ 26. Kd1 Ra1 27.
Rxa1 Qxa1+ 28. Ke2 Rc2+ 29. Rd2 Rxd2+ 30. Kxd2 Qxb2+ 31. Ke1 Qb1+ 32. Ke2 Qxb3
33. Qa7 Qb2+ 34. Kf1 g6 35. g3 b5 36. Qb8+ Kg7 37. Qd6 Qd4 38. Qe7 b4 39. f4 b3
40. f5 b2 41. f6+ Kh6 42. Qf8+ Kh5 43. g4+ Kg5 44. h4+ Kf4 45. Qh6+ Kf3 0-1

[Event "DEM U14 2014"]
[Site "Magdeburg GER"]
[Date "2014.06.14"]
[Round "9"]
[White "Höglauer, Patrick"]
[Black "Schnabel, Bennett"]
[Result "1/2-1/2"]
[Termination "normal"]
[Board "11"]
[WhiteElo "2069"]
[BlackElo "1715"]
[PlyCount "147"]
[WhiteFideId "1270548"]
[BlackFideId "12943290"]
[EventCountry "GER"]
[EventRounds "9"]
[EventType "swiss"]
[EventDate "2014.06.07"]

1. d4 f5 2. Nc3 Nf6 3. Bg5 d5 4. Bxf6 exf6 5. e3 Be6 6. Qf3 Nc6 7. Bb5 Qd7 8.
h4 O-O-O 9. Nge2 g5 10. Ng3 g4 11. Qd1 h5 12. Qd3 f4 13. exf4 Bd6 14. Nge2 Kb8
15. g3 Nb4 16. Bxd7 Nxd3+ 17. cxd3 Rxd7 18. Kd2 a6 19. a3 c6 20. Na4 Kc7 21.
Nc5 Re7 22. Nxe6+ Rxe6 23. Nc3 Rhe8 24. Rhe1 Rxe1 25. Rxe1 Rxe1 26. Kxe1 f5 27.
Ke2 b5 28. Nb1 a5 29. Nd2 a4 30. f3 gxf3+ 31. Nxf3 b4 32. axb4 Bxb4 33. Kd1 Kb6
34. Ng5 Bf8 35. Ne6 Bh6 36. Kc2 Ka5 37. Kc3 Kb6 38. Kb4 Kb7 39. Kxa4 Kc8 40.
Ka5 Kd7 41. Ng5 Bg7 42. Nf3 Kc7 43. Ne5 Bf6 44. Nf3 Bg7 45. b4 Bf6 46. Ng5 Kd7
47. Nf3 Kc7 48. b5 cxb5 49. Kxb5 Kd6 50. Ne5 Bg7 51. Kb6 Bf8 52. Kb7 Bg7 53.
Kc8 Bf8 54. Kd8 Be7+ 55. Ke8 Ke6 56. Nf3 Bb4 57. Ng5+ Kf6 58. Kd7 Be1 59. Kd6
Bxg3 60. Kxd5 Bxh4 61. Kc6 Bxg5 62. fxg5+ Kg6 63. d5 h4 64. d6 h3 65. d7 h2 66.
d8=Q h1=Q+ 67. Kb5 Qb7+ 68. Kc5 Qa7+ 69. Kc4 Qa4+ 70. Kd5 Qa2+ 71. Kd4 Qf2+ 72.
Kc3 Qc5+ 73. Kb2 Qb5+ 74. Kc2 1/2-1/2

[Event "DEM U14 2014"]
[Site "Magdeburg GER"]
[Date "2014.06.14"]
[Round "9"]
[White "Nguyen, Huy Dat"]
[Black "Niermann, Tristan"]
[Result "1/2-1/2"]
[Termination "normal"]
[Board "12"]
[WhiteElo "1921"]
[BlackElo "1819"]
[PlyCount "55"]
[WhiteFideId "12923486"]
[BlackFideId "12990698"]
[EventCountry "GER"]
[EventRounds "9"]
[EventType "swiss"]
[EventDate "2014.06.07"]

1. e4 e5 2. Nf3 Nc6 3. Bc4 Nf6 4. d3 Bc5 5. c3 a6 6. Bb3 O-O 7. h3 Ba7 8. Bg5
h6 9. Bh4 d6 10. Nbd2 Re8 11. Nf1 Be6 12. Bc2 d5 13. Qe2 Qe7 14. Ng3 Rad8 15.
Nh5 g5 16. Nxf6+ Qxf6 17. Bg3 b5 18. Bb3 a5 19. exd5 Bxd5 20. Bxd5 Rxd5 21. O-O
Qg6 22. d4 g4 23. hxg4 Qxg4 24. Rfe1 Re6 25. Qe4 Qxe4 26. Rxe4 exd4 27. Rxe6
fxe6 28. Bxc7 *

[Event "DEM U14 2014"]
[Site "Magdeburg GER"]
[Date "2014.06.14"]
[Round "9"]
[White "Stein, Robert"]
[Black "Langer, Simon"]
[Result "1-0"]
[Termination "normal"]
[Board "13"]
[WhiteElo "1891"]
[BlackElo "1881"]
[PlyCount "45"]
[WhiteFideId "12921084"]
[BlackFideId "12950386"]
[EventCountry "GER"]
[EventRounds "9"]
[EventType "swiss"]
[EventDate "2014.06.07"]

1. e4 e6 2. d4 d5 3. Nd2 Nc6 4. c3 Nf6 5. e5 Nd7 6. Bd3 Be7 7. Ne2 f6 8. Nf4
Nf8 9. Qh5+ Kd7 10. exf6 Bxf6 11. O-O Qe8 12. Qe2 h5 13. Re1 Qf7 14. Nb3 b6 15.
c4 Nxd4 16. Nxd4 Bxd4 17. cxd5 e5 18. Bb5+ Kd8 19. Bc6 Rb8 20. Nd3 Bg4 21. Bg5+
Kc8 22. Nxe5 Bxe5 23. Qa6+ 1-0

[Event "DEM U14 2014"]
[Site "Magdeburg GER"]
[Date "2014.06.14"]
[Round "9"]
[White "Ramien, David"]
[Black "Spitzl, Vinzent"]
[Result "1/2-1/2"]
[Termination "normal"]
[Board "14"]
[WhiteElo "1883"]
[BlackElo "1904"]
[PlyCount "46"]
[WhiteFideId "12948241"]
[BlackFideId "12901253"]
[EventCountry "GER"]
[EventRounds "9"]
[EventType "swiss"]
[EventDate "2014.06.07"]

1. e4 e5 2. Nf3 Nc6 3. Bb5 a6 4. Ba4 Nge7 5. O-O g6 6. d4 exd4 7. Bg5 Bg7 8.
Re1 b5 9. Bb3 O-O 10. e5 h6 11. Bh4 d5 12. Nxd4 Nxd4 13. Qxd4 g5 14. Bg3 Be6
15. c3 Nf5 16. Qd3 c5 17. Bc2 Re8 18. Nd2 Qb6 19. Qf3 Ne7 20. Qh5 Bf5 21. Bxf5
Nxf5 22. Nf3 Nxg3 23. fxg3 Qg6 1/2-1/2

[Event "DEM U14 2014"]
[Site "Magdeburg GER"]
[Date "2014.06.14"]
[Round "9"]
[White "Tiedemann, Fin Niklas"]
[Black "Gutschenreiter, Dorian"]
[Result "0-1"]
[Termination "normal"]
[Board "15"]
[WhiteElo "1618"]
[BlackElo "1855"]
[PlyCount "128"]
[WhiteFideId "12936936"]
[BlackFideId "12956996"]
[EventCountry "GER"]
[EventRounds "9"]
[EventType "swiss"]
[EventDate "2014.06.07"]

1. e4 c5 2. Nc3 d6 3. g3 Nc6 4. Bg2 g6 5. d3 Bg7 6. f4 e6 7. Nf3 Nge7 8. O-O
O-O 9. Be3 Nd4 10. g4 Nec6 11. Bf2 b5 12. Rb1 a5 13. e5 Rb8 14. exd6 Qxd6 15.
Kh1 f5 16. g5 Nxf3 17. Bxf3 e5 18. Be3 Nd4 19. Bg2 Ne6 20. Qd2 exf4 21. Bxf4
Nxf4 22. Rxf4 Be5 23. Bd5+ Kg7 24. Rh4 b4 25. Qg2 Rh8 26. Ne2 Qxd5 27. Qxd5 Bb7
28. Qxb7+ Rxb7 29. Rc4 Bd6 30. Kg2 Re8 31. Ng3 Rbe7 32. Rf1 Re5 33. h4 Re3 34.
Rf3 Re1 35. Rf2 Ra1 36. Re2 Rxe2+ 37. Nxe2 Rxa2 38. b3 a4 39. bxa4 b3 40. cxb3
Rxe2+ 41. Kf3 Re7 42. d4 Re4 43. a5 Rxd4 44. a6 Rd3+ 45. Ke2 Rxb3 46. Ra4 Rb8
47. Kd3 Bc7 48. a7 Ra8 49. Ra6 Bg3 50. Kc4 Bxh4 51. Kb5 Bxg5 52. Kb6 Be3 53.
Kb7 Rxa7+ 54. Rxa7 f4 55. Kc6+ Kh6 56. Kd5 g5 57. Ke4 g4 58. Kf5 g3 59. Kg4 g2
60. Ra6+ Kg7 61. Ra7+ Kf6 62. Rxh7 g1=Q+ 63. Kf3 Qf2+ 64. Kg4 Qg3+ 0-1

[Event "DEM U14 2014"]
[Site "Magdeburg GER"]
[Date "2014.06.14"]
[Round "9"]
[White "Muckle, Julius"]
[Black "Hofmann, Rares"]
[Result "1-0"]
[Termination "time forfeit"]
[Board "16"]
[WhiteElo "1938"]
[BlackElo "1890"]
[PlyCount "49"]
[WhiteFideId "12942430"]
[BlackFideId "12976440"]
[EventCountry "GER"]
[EventRounds "9"]
[EventType "swiss"]
[EventDate "2014.06.07"]

1. d4 Nf6 2. c4 e6 3. Nc3 Bb4 4. Nf3 b6 5. e3 Bb7 6. Bd2 O-O 7. Bd3 d5 8. O-O
Nbd7 9. Nxd5 Nxd5 10. cxd5 Bxd2 11. Qxd2 exd5 12. b4 c5 13. bxc5 bxc5 14. dxc5
Nxc5 15. Nd4 Qf6 16. Rfc1 Ne4 17. Bxe4 dxe4 18. Rab1 Rab8 19. Rc5 Qd6 20. Rg5
g6 21. Qc3 Rfc8 22. Qa1 f6 23. Ra5 Bd5 24. Rd1 Rb7 25. Nb3 1-0

[Event "DEM U14 2014"]
[Site "Magdeburg GER"]
[Date "2014.06.14"]
[Round "9"]
[White "Visvikis, Christos"]
[Black "Perekhozhuk, Maksym"]
[Result "0-1"]
[Termination "normal"]
[Board "18"]
[WhiteElo "1723"]
[BlackElo "1759"]
[PlyCount "89"]
[WhiteFideId "12967955"]
[BlackFideId "12914860"]
[EventCountry "GER"]
[EventRounds "9"]
[EventType "swiss"]
[EventDate "2014.06.07"]

1. e4 c5 2. Nf3 d6 3. Bb5+ Bd7 4. Bxd7+ Qxd7 5. O-O Nc6 6. c3 Nf6 7. Re1 e6 8.
d4 cxd4 9. cxd4 d5 10. e5 Ne4 11. Nbd2 Nxd2 12. Bxd2 Be7 13. Rc1 O-O 14. Rc3
Rac8 15. a3 Rc7 16. Rd3 Rfc8 17. Kh1 b5 18. Ng1 b4 19. Qg4 bxa3 20. bxa3 Bf8
21. Rh3 Ne7 22. Nf3 Ng6 23. Rxh7 Kxh7 24. Ng5+ Kg8 25. Qh5 Bxa3 26. Qh3 Be7 27.
Qh7+ Kf8 28. h4 Bxg5 29. Bxg5 Ne7 30. Bf6 gxf6 31. Qh8+ Ng8 32. exf6 Qd6 33.
Qg7+ Ke8 34. Qxg8+ Qf8 35. Qg5 Kd7 36. Qe3 Qh8 37. Qf4 Qh5 38. g3 a5 39. Qd2
Qf3+ 40. Kg1 Rc2 41. Qe3 Qxf6 42. Rf1 R8c3 43. Qe1 Qxd4 44. Qa1 Rxg3+ 45. Kh1
0-1

[Event "DEM U14 2014"]
[Site "Magdeburg GER"]
[Date "2014.06.14"]
[Round "9"]
[White "Piskaykin, Bogdan"]
[Black "Grimm, Ling Leander"]
[Result "1-0"]
[Termination "normal"]
[Board "19"]
[WhiteElo "1672"]
[BlackElo "1700"]
[PlyCount "95"]
[WhiteFideId "12941212"]
[BlackFideId "12968277"]
[EventCountry "GER"]
[EventRounds "9"]
[EventType "swiss"]
[EventDate "2014.06.07"]

1. e4 c6 2. d4 d5 3. e5 Bf5 4. h4 h5 5. Nf3 e6 6. Bd3 Bxd3 7. Qxd3 Nd7 8. Bg5
Be7 9. c4 dxc4 10. Qxc4 Nb6 11. Qe2 Qc7 12. Nbd2 Bb4 13. a3 Bxd2+ 14. Nxd2 Nd5
15. Nc4 Nge7 16. Nd6+ Kf8 17. Qf3 Nc8 18. Ne4 Nce7 19. Nc5 Nf5 20. Be3 Nb6 21.
Rc1 Nd5 22. b4 Kg8 23. g3 Qe7 24. O-O a5 25. Rb1 axb4 26. axb4 b6 27. Ne4 Ra4
28. Ra1 Qxb4 29. Nd6 g6 30. Rfb1 Qa5 31. Qd1 Nc3 32. Rxa4 Qxa4 33. Qxa4 Nxa4
34. Ra1 b5 35. Rc1 Ne7 36. Bg5 Nd5 37. Rxc6 Kg7 38. Nxb5 Rb8 39. Nd6 Nac3 40.
Bf6+ Kf8 41. Kg2 Nxf6 42. Rxc3 Nd5 43. Rc8+ Rxc8 44. Nxc8 Nc3 45. Kf3 f6 46.
Nd6 Ke7 47. Ne4 f5 48. Nxc3 1-0

[Event "DEM U14 2014"]
[Site "Magdeburg GER"]
[Date "2014.06.14"]
[Round "9"]
[White "Dallinger, Moritz"]
[Black "Alekhanov, Jannis"]
[Result "1/2-1/2"]
[Termination "normal"]
[Board "20"]
[WhiteElo "1544"]
[BlackElo "1801"]
[PlyCount "43"]
[WhiteFideId "12910864"]
[BlackFideId "12921238"]
[EventCountry "GER"]
[EventRounds "9"]
[EventType "swiss"]
[EventDate "2014.06.07"]

1. e4 c5 2. Nf3 d6 3. d4 cxd4 4. Qxd4 a6 5. Bc4 Nf6 6. Nc3 Nc6 7. Qd3 e6 8. Bf4
Be7 9. O-O-O Ng4 10. Rhf1 Nge5 11. Nxe5 Nxe5 12. Bxe5 dxe5 13. Qg3 Bd7 14. Qxe5
O-O 15. Bb3 Rc8 16. Qg3 Rc6 17. Rd3 Qc8 18. Rfd1 Rd8 19. Kb1 b5 20. Qe3 Be8 21.
Rxd8 Bxd8 22. f4 1/2-1/2

[Event "DEM U14 2014"]
[Site "Magdeburg GER"]
[Date "2014.06.14"]
[Round "9"]
[White "Amler, Nick"]
[Black "Killgus, Leonard"]
[Result "0-1"]
[Termination "normal"]
[Board "21"]
[WhiteElo "1414"]
[BlackElo "1732"]
[PlyCount "40"]
[WhiteFideId "12930539"]
[BlackFideId "12922021"]
[EventCountry "GER"]
[EventRounds "9"]
[EventType "swiss"]
[EventDate "2014.06.07"]

1. e4 e5 2. Nf3 Nc6 3. Bb5 Bc5 4. c3 f5 5. Bxc6 dxc6 6. Nxe5 Qf6 7. d4 Bb6 8.
O-O Be6 9. Re1 O-O-O 10. Nd2 f4 11. a4 a5 12. Ndf3 g5 13. h3 h5 14. Nh2 Ne7 15.
f3 Qxe5 16. Kh1 Qf6 17. e5 Qh6 18. Qc2 g4 19. h4 Nf5 20. Qe4 Ng3+ 0-1

[Event "DEM U14 2014"]
[Site "Magdeburg GER"]
[Date "2014.06.14"]
[Round "9"]
[White "Müller, Elias"]
[Black "Bureik, Nicolas"]
[Result "1-0"]
[Termination "normal"]
[Board "23"]
[WhiteElo "1686"]
[BlackElo "1513"]
[PlyCount "43"]
[WhiteFideId "12917133"]
[BlackFideId "12971863"]
[EventCountry "GER"]
[EventRounds "9"]
[EventType "swiss"]
[EventDate "2014.06.07"]

1. e4 d5 2. exd5 Qxd5 3. Nc3 Qd6 4. d4 Nf6 5. Nf3 g6 6. g3 c6 7. Bg2 Bg7 8. O-O
O-O 9. h3 Nbd7 10. Bf4 Qb4 11. Qc1 Rd8 12. Re1 Re8 13. a3 Qb6 14. Be3 Qc7 15.
Bf4 Qb6 16. Qd2 Nf8 17. Ne5 N6d7 18. d5 Nxe5 19. Bxe5 Bxe5 20. Rxe5 Bd7 21. Na4
Qb5 22. Bf1 1-0

[Event "DEM U14 2014"]
[Site "Magdeburg GER"]
[Date "2014.06.14"]
[Round "9"]
[White "Schamber, Dennis"]
[Black "Jurga, Jonas Vincent"]
[Result "1-0"]
[Termination "normal"]
[Board "24"]
[WhiteElo "1560"]
[BlackElo "1722"]
[PlyCount "78"]
[WhiteFideId "12952176"]
[BlackFideId "12968013"]
[EventCountry "GER"]
[EventRounds "9"]
[EventType "swiss"]
[EventDate "2014.06.07"]

1. d4 Nf6 2. c4 g6 3. Nc3 Bg7 4. e4 d6 5. f3 O-O 6. Be3 Nbd7 7. Qd2 e5 8. d5
Ne8 9. h4 f5 10. h5 f4 11. Bf2 Ndf6 12. hxg6 hxg6 13. O-O-O a6 14. g4 Bd7 15.
Bh4 Rb8 16. Bg5 Kf7 17. Qg2 b5 18. Bh6 Rh8 19. Bxg7 Nxg7 20. Nh3 Qc8 21. Bd3
Qb7 22. Ng5+ Ke7 23. Rxh8 Rxh8 24. Rh1 Rxh1+ 25. Qxh1 b4 26. Ne2 Qc8 27. Qh6
Qf8 28. Qxg6 Be8 29. Qh6 Ng8 30. Qh1 Qf6 31. Nh3 Qh4 32. Qf1 Nf6 33. c5 dxc5
34. Bxa6 Bf7 35. Kc2 Nge8 36. Nc1 Nd7 37. Bb5 Nef6 38. Nd3 Kd6 39. g5 Bxd5 1-0